000 00704cab a2200205 4500
001 WB2402-21
008 090401t1988 xxu||||| |||| 00| 0 eng d
035 _a(Sirsi) u6336
041 _aeng
245 _aRepainting warning
260 _c1988
300 _a(See also WB2401-20)
350 _a0
490 _aTimes
_v6/1/88 p34
520 _aA report of the case Windsor and Maidenhead Borough Council v Secretary of State for the Environment and Others , QBD 21 December 1987, where it was found that repainting a listed building was capable of being an alteration requiring planning consent .
650 _aPAINTING
690 _aPLANNING LAW AND PRACTICE
942 _n0
948 _c04/03/1997
999 _c3816
_d3816